Southville International School and Colleges
Your cart is empty.
  • Cart
  • Lists
    Public lists Eva Luna New books Lux_list list_1
    Your lists Log in to create your own lists
  • Log in to your account
  • Your cookies
  • Search history
Southville International School and Colleges
  • Advanced search
  • Recent comments
  • Most popular
  • Libraries

Log in to your account

Log in with GOOGLE


If you do not have an external account, but do have a local account, you can still log in:

  1. Home
  2. MARC view: Electronics /
Normal view MARC view ISBD view

Electronics / (Record no. 112354)

[ view plain ]
MARC details
000 -LEADER
fixed length control field 00552nam a2200169 a 4500
005 - DATE AND TIME OF LATEST TRANSACTION
control field 20140414131934.0
008 - FIXED-LENGTH DATA ELEMENTS--GENERAL INFORMATION
fixed length control field 110112s19uu xx 00 eng d
050 ## - LIBRARY OF CONGRESS CALL NUMBER
Classification number REF 621.381
Item number B76 2000
100 ## - MAIN ENTRY--PERSONAL NAME
Personal name Bridgman, Roger
245 ## - TITLE STATEMENT
Title Electronics /
Statement of responsibility, etc written by Roger Bridgman.
250 ## - EDITION STATEMENT
Edition statement 1st American ed.
260 ## - PUBLICATION, DISTRIBUTION, ETC. (IMPRINT)
Place of publication, distribution, etc New York :
Name of publisher, distributor, etc Dorling Kindersley,
Date of publication, distribution, etc 2000.
440 ## - SERIES STATEMENT/ADDED ENTRY--TITLE
Title Eyewitness books
520 ## - SUMMARY, ETC.
Summary, etc Traces the history, discoveries, and devices of the science of electronics.
650 ## - SUBJECT ADDED ENTRY--TOPICAL TERM
Topical term or geographic name as entry element Electronics
General subdivision Juvenile literature
Holdings
Withdrawn status Lost status Damaged status Home library Current library Shelving location Date acquired Total Checkouts Full call number Barcode Date last seen Price effective from Koha item type
      Munich Library Munich Library Reference Section 01/12/2011   REF 621.381 B76 2000 M3639 04/14/2014 04/14/2014 Books

Electronics /

APA

Bridgman R., . (2000). Electronics. New York: Dorling Kindersley.

Chicago

Bridgman Roger, . 2000. Electronics. New York: Dorling Kindersley.

Harvard

Bridgman R., . (2000). Electronics. New York: Dorling Kindersley.

MLA

Bridgman Roger, . Electronics. New York: Dorling Kindersley. 2000.

  • Place hold
  • Print
  • Cite
  • Add to your cart (remove)
  • Save record
    BIBTEX Dublin Core MARCXML MARC (non-Unicode/MARC-8) MARC (Unicode/UTF-8) MARC (Unicode/UTF-8, Standard) MODS (XML) RIS
  • More searches
    Search for this title in:
    Other Libraries (WorldCat) Other Databases (Google Scholar) Online Stores (Bookfinder.com) Open Library (openlibrary.org)

Exporting to Dublin Core...

SOUTHVILLE LIBRARY

Southville International School and Colleges Library

1281 Tropical Ave. Cor. Luxembourg St., BF Homes International, Las Pinas City

Tel. No. 8256374 / 252358 Loc. 117/146

Powered by Koha